00428 2200181 4500001002100000005001500021008004100036020001800077035001900095041000700114082001000121090001000131100001700141245002000158260003400178300001700212650001700229INLIS00000000000934820241224113815241224||||||||| | ||| |||| || |  a0-516-02298-9 0010-1224009348 aid0 a927.5 a927.50 aMike Venezia00aJackson Pollock acanadabChildrens Pressc1994 a31 Hlm;25 cm 0acerita fiksi